000
00314nam a22001337a 4500
008
170613b xxu||||| |||| 00| 0 eng d
020
_a
9780521565875
041
_a
eng
080
_a
327
100
_a
19
101
_a
SHP
245
_a
INTERNATIONALIZATION AND DOMESTIC POLITICS
_c
KEOHANE,R.O
942
_2
udc
_c
BK
999
_c
17220
_d
17220